00782pab a2200145 454500008004000000100001900040245003200059260000900091300001200100362000800112520045600120650003000576650001400606773001600620180718b1999 xxu||||| |||| 00| 0 eng d aMathew, George aGram Sabha and social audit c1999 ap.25-29 aOct aSensitising the target group about the benefits of any programme and identifying gaps in the implementation of the programme; scrutiny of the implication of the technological choice for the people; scrutiny of the organisational structure and policy evolution for the people keeping in view their interests, priorities and perceptions; and making the system open and accountable to the people are necessary to make social audit effective. - Reproduced aRural development - India aPanchayat aKurukshetra